[Event "10th Danzhou GM 2019"]
[Site "Danzhou CHN"]
[Date "2019.07.05"]
[Round "5"]
[White "Inarkiev, E."]
[Black "Rapport, R."]
[Result "0-1"]
[WhiteElo "2693"]
[BlackElo "2735"]
[PlyCount "112"]
[EventDate "2019.06.30"]

1. d4 Nf6 2. c4 e6 3. Nf3 b6 4. a3 Bb7 5. Nc3 Ne4 6. Nxe4 Bxe4 7. Nd2 Bb7 8. e4
g6 9. Bd3 Bg7 10. Nf3 O-O 11. O-O d6 12. Bg5 Qd7 13. Qd2 Nc6 14. Bc2 Na5 15.
Qe2 f5 16. Rac1 Rae8 17. Rfe1 fxe4 18. Bxe4 d5 19. Bb1 Nxc4 20. Bd3 e5 21. Bxc4
dxc4 22. Qxc4+ Bd5 23. Qxc7 Qf5 24. Be3 Rf7 25. Qc3 Bxf3 26. gxf3 Qxf3 27. dxe5
Qg4+ 28. Kh1 Qf3+ 29. Kg1 Rxe5 30. Qd2 Qg4+ 31. Kh1 Qf3+ 32. Kg1 Qg4+ 33. Kh1
h5 34. Qd8+ Kh7 35. Qc8 Qf3+ 36. Kg1 Re4 37. Rc2 Rg4+ 38. Kf1 Qg2+ 39. Ke2 Qxh2
40. Qe6 Rf8 41. Rd1 Qg2 42. Qd7 Re4 43. Kd3 Qf3 44. Rdc1 Rd4+ 45. Qxd4 Bxd4 46.
Kxd4 Rd8+ 47. Kc4 Rc8+ 48. Kd3 Rd8+ 49. Kc4 Rc8+ 50. Kd3 Rxc2 51. Rxc2 g5 52.
Kd2 h4 53. Rc7+ Kg6 54. Rc8 h3 55. Bd4 Qd5 56. Kc3 h2 0-1

[Event "10th Danzhou GM 2019"]
[Site "Danzhou CHN"]
[Date "2019.07.05"]
[Round "5"]
[White "Vidit, S."]
[Black "Wei Yi"]
[Result "1/2-1/2"]
[WhiteElo "2707"]
[BlackElo "2741"]
[PlyCount "67"]
[EventDate "2019.06.30"]

1. c4 c5 2. g3 e6 3. Bg2 d5 4. cxd5 exd5 5. d4 Nf6 6. Nf3 Be7 7. O-O O-O 8. Nc3
Nc6 9. Bg5 c4 10. e3 Be6 11. Ne5 h6 12. Bxf6 Bxf6 13. Nxc6 bxc6 14. b3 cxb3 15.
axb3 c5 16. Ne2 Bg4 17. h3 Bxe2 18. Qxe2 cxd4 19. exd4 Bxd4 20. Rad1 Qf6 21.
Qf3 Rad8 22. Qxf6 Bxf6 23. Bxd5 Rd7 24. Bc4 Rxd1 25. Rxd1 Rd8 26. Rxd8+ Bxd8
27. Kg2 Kf8 28. g4 Bb6 29. f4 g5 30. fxg5 hxg5 31. Kg3 Bc7+ 32. Kf3 Bb6 33. Kg3
Bc7+ 34. Kf3 1/2-1/2

[Event "10th Danzhou GM 2019"]
[Site "Danzhou CHN"]
[Date "2019.07.06"]
[Round "6"]
[White "Artemiev, V."]
[Black "Wei Yi"]
[Result "1/2-1/2"]
[WhiteElo "2761"]
[BlackElo "2741"]
[PlyCount "78"]
[EventDate "2019.06.30"]

1. Nf3 d5 2. b3 Nf6 3. Bb2 g6 4. c4 e6 5. g3 Bg7 6. Bg2 O-O 7. O-O b6 8. cxd5
exd5 9. Nc3 Nbd7 10. d4 c6 11. Rc1 Bb7 12. e3 Re8 13. Ne2 Ne4 14. Nf4 Rc8 15.
Rc2 a5 16. Qc1 b5 17. Nd3 b4 18. Rd1 c5 19. Nxc5 Ndxc5 20. dxc5 Bxb2 21. Qxb2
Qe7 22. Rdc1 Rxc5 23. Rxc5 Nxc5 24. Ne5 h5 25. Qd4 Nxb3 26. axb3 Qxe5 27. Qxe5
Rxe5 28. Rc7 Ba6 29. Ra7 Bc4 30. Rxa5 Bxb3 31. Rb5 Bc4 32. Rxb4 Re7 33. Rb8+
Kg7 34. Rd8 Ra7 35. h4 Ra1+ 36. Kh2 Ra2 37. Kg1 Ra1+ 38. Kh2 Ra2 39. Kg1 Ra1+
1/2-1/2

[Event "10th Danzhou GM 2019"]
[Site "Danzhou CHN"]
[Date "2019.07.06"]
[Round "6"]
[White "Rapport, R."]
[Black "Vidit, S."]
[Result "1/2-1/2"]
[WhiteElo "2735"]
[BlackElo "2707"]
[PlyCount "89"]
[EventDate "2019.06.30"]

1. Nf3 d5 2. g3 c5 3. Bg2 Nf6 4. O-O g6 5. c4 Bg7 6. Qa4+ Nc6 7. Ne5 Qd6 8.
cxd5 Nxd5 9. Nc4 Qd8 10. Nc3 e6 11. Ne3 O-O 12. Nexd5 exd5 13. Nxd5 Re8 14. Nc3
Nd4 15. e3 Bd7 16. Qd1 Nc6 17. Ne4 b6 18. d4 cxd4 19. exd4 Bf5 20. Bg5 Qd7 21.
Nf6+ Bxf6 22. Bxf6 Be4 23. f3 Bd5 24. Qd2 Qd6 25. Bg5 Bc4 26. Rf2 f6 27. d5 Ne5
28. Bf4 Rad8 29. b3 Bxd5 30. Rd1 Qe7 31. Bxe5 fxe5 32. Qe3 Bb7 33. Rfd2 Rxd2
34. Rxd2 Kg7 35. h4 Qf6 36. Rd7+ Re7 37. Rxe7+ Qxe7 38. f4 Bxg2 39. Kxg2 Qb7+
40. Kf2 exf4 41. Qe5+ Kg8 42. Qe8+ Kg7 43. Qe5+ Kg8 44. Qe8+ Kg7 45. Qe5+
1/2-1/2

[Event "10th Danzhou GM 2019"]
[Site "Danzhou CHN"]
[Date "2019.07.06"]
[Round "6"]
[White "Wang Hao"]
[Black "Inarkiev, E."]
[Result "1/2-1/2"]
[WhiteElo "2737"]
[BlackElo "2693"]
[PlyCount "84"]
[EventDate "2019.06.30"]

1. e4 e5 2. Nf3 Nc6 3. Bc4 Nf6 4. d3 Bc5 5. c3 O-O 6. O-O d5 7. exd5 Nxd5 8.
Nbd2 Nb6 9. Bb5 Bd6 10. a4 a6 11. Bxc6 bxc6 12. a5 Nd5 13. Re1 Re8 14. Nc4 Rf8
15. Ncd2 Re8 16. Nc4 f6 17. Nfd2 Be6 18. d4 exd4 19. Nxd6 cxd6 20. cxd4 Bf7 21.
Rxe8+ Qxe8 22. Nc4 Nc3 23. bxc3 Bxc4 24. Bf4 Qe6 25. h4 Re8 26. Qf3 d5 27. Rb1
Bb5 28. Bd2 h6 29. Re1 Be2 30. Qg3 Kh7 31. Be3 Bb5 32. Bd2 Qf7 33. f3 Rxe1+ 34.
Qxe1 Qg6 35. Bf4 Qf5 36. Bd6 Qd7 37. Qe7 Qxe7 38. Bxe7 h5 39. Kf2 Kg6 40. Bc5
Bc4 41. Be7 Bb5 42. Bc5 Bc4 1/2-1/2

[Event "10th Danzhou GM 2019"]
[Site "Danzhou CHN"]
[Date "2019.07.06"]
[Round "6"]
[White "Yu Yangyi"]
[Black "Amin, B."]
[Result "1/2-1/2"]
[WhiteElo "2738"]
[BlackElo "2707"]
[PlyCount "125"]
[EventDate "2019.06.30"]

1. c4 Nf6 2. Nc3 g6 3. d4 Bg7 4. e4 d6 5. Bd3 O-O 6. Nge2 Nc6 7. O-O e5 8. d5
Nd4 9. Nxd4 exd4 10. Ne2 Re8 11. f3 c5 12. Bg5 a6 13. Qd2 Qc7 14. b3 Nd7 15. f4
Nf6 16. Bxf6 Bxf6 17. Kh1 b5 18. Ng1 bxc4 19. bxc4 Rb8 20. Rae1 Bh4 21. Re2 Bg4
22. Nf3 Bf6 23. h3 Bxf3 24. Rxf3 Rb7 25. Qe1 Bg7 26. g4 Qb8 27. g5 Rb2 28. Rff2
Rb4 29. h4 Qc8 30. f5 Be5 31. Rf3 Qb7 32. Kg2 Rb2 33. Rff2 Qb4 34. Qxb4 Rxb4
35. Kh3 Reb8 36. Kg4 Ra4 37. h5 Ra3 38. Rf3 Rc3 39. hxg6 hxg6 40. Ref2 Rc1 41.
Rf1 Rxf1 42. Bxf1 Rb1 43. a3 Re1 44. fxg6 fxg6 45. Bd3 Kg7 46. Rf1 Rxf1 47.
Bxf1 Kf7 48. Kf3 Ke7 49. Bh3 Bh2 50. Bc8 a5 51. a4 Bg1 52. Bh3 Be3 53. Kg4 Bd2
54. Bf1 Be3 55. Bd3 Kf7 56. Bc2 Bg1 57. Bd3 Bh2 58. Bc2 Be5 59. Bd3 Kg7 60. Bc2
Kf7 61. Bd3 Kg7 62. Bc2 Kf7 63. Bd3 1/2-1/2

[Event "10th Danzhou GM 2019"]
[Site "Danzhou CHN"]
[Date "2019.07.07"]
[Round "7"]
[White "Amin, B."]
[Black "Artemiev, V."]
[Result "1/2-1/2"]
[WhiteElo "2707"]
[BlackElo "2761"]
[PlyCount "130"]
[EventDate "2019.06.30"]

1. e4 c5 2. Nf3 d6 3. Bb5+ Nd7 4. O-O a6 5. Bd3 Ngf6 6. Re1 g6 7. c3 Bg7 8. Bc2
O-O 9. d4 e5 10. a4 Rb8 11. dxe5 Nxe5 12. Nxe5 dxe5 13. Qxd8 Rxd8 14. Be3 b6
15. f3 Be6 16. a5 bxa5 17. Bc1 Rb5 18. Ba4 Rb6 19. Bd1 Ne8 20. Rxa5 Nd6 21. Be2
c4 22. Rd1 Rdb8 23. Ra2 f5 24. exf5 gxf5 25. Na3 f4 26. Nc2 Nf5 27. Ra4 Rc8 28.
Ra5 Kf7 29. Nb4 h5 30. Bd2 Bf6 31. Rda1 h4 32. Be1 Rg8 33. Rxa6 Rxa6 34. Rxa6
h3 35. Bf1 hxg2 36. Be2 Ne3 37. Nc6 Rc8 38. Bf2 Bh3 39. Nb4 Kg7 40. Ra7+ Kg6
41. Ra6 Kf5 42. Rc6 Ra8 43. Ra6 Rb8 44. Ra7 Rd8 45. Be1 Bg5 46. Ra5 Rd6 47. Ra6
Rd7 48. b3 Be7 49. bxc4 Kg5 50. Ra5 Kf5 51. c5 Rc7 52. Bd3+ Ke6 53. c6 Bxb4 54.
cxb4 Rxc6 55. Ra6 Rxa6 56. Bxa6 Kd6 57. Bd3 Nd5 58. Bd2 Nc7 59. Bc4 Ne8 60. b5
Kc5 61. Be2 Nd6 62. Bc3 Nxb5 63. Bxb5 Kxb5 64. Bxe5 Kc4 65. Bxf4 Kd3 1/2-1/2

[Event "10th Danzhou GM 2019"]
[Site "Danzhou CHN"]
[Date "2019.07.07"]
[Round "7"]
[White "Inarkiev, E."]
[Black "Yu Yangyi"]
[Result "1/2-1/2"]
[WhiteElo "2693"]
[BlackElo "2738"]
[PlyCount "106"]
[EventDate "2019.06.30"]

1. c4 e5 2. Nc3 Nc6 3. Nf3 g6 4. d4 exd4 5. Nxd4 Bg7 6. Nxc6 dxc6 7. Qxd8+ Kxd8
8. Bd2 Be6 9. O-O-O Kc8 10. b3 Nf6 11. h3 a5 12. e3 b6 13. g4 Kb7 14. Bg2 a4
15. b4 Nd7 16. b5 Ne5 17. f4 Nd3+ 18. Kc2 Nb4+ 19. Kb1 Bxc4 20. a3 Nd3 21.
Bxc6+ Ka7 22. Nxa4 Nf2 23. Bxa8 Rxa8 24. Bc3 Kb7 25. Bxg7 Rxa4 26. Kb2 Bxb5 27.
Rhg1 Nxd1+ 28. Rxd1 Re4 29. Rd5 c5 30. Re5 Rxe5 31. Bxe5 Bf1 32. h4 Be2 33. g5
Kc6 34. Kc3 Kd5 35. Bc7 b5 36. Bb6 Bf3 37. Ba7 Be4 38. Bb6 Bf5 39. Ba7 c4 40.
Bd4 Bd7 41. Kd2 Ke4 42. Kc2 Kf3 43. Bb2 Kg4 44. Kc3 Kxh4 45. e4 Kg4 46. Bc1 Kf3
47. e5 Ke4 48. Bd2 Kd5 49. Bc1 Bg4 50. Bd2 Bf5 51. Bc1 Bg4 52. Bd2 Bf5 53. Bc1
Bg4 1/2-1/2

[Event "10th Danzhou GM 2019"]
[Site "Danzhou CHN"]
[Date "2019.07.07"]
[Round "7"]
[White "Vidit, S."]
[Black "Wang Hao"]
[Result "1-0"]
[WhiteElo "2707"]
[BlackElo "2737"]
[PlyCount "91"]
[EventDate "2019.06.30"]

1. d4 Nf6 2. c4 e6 3. g3 d5 4. Bg2 Be7 5. Nf3 O-O 6. O-O dxc4 7. Qc2 a6 8. Qxc4
b5 9. Qc2 Bb7 10. Bd2 Be4 11. Qc1 c6 12. a4 Nbd7 13. Nc3 Bg6 14. Nh4 Bh5 15. h3
Nd5 16. axb5 axb5 17. Nxd5 cxd5 18. Bf3 Bxf3 19. Nxf3 Qb6 20. Qc2 Rac8 21. Qd3
Ra8 22. Rxa8 Rxa8 23. Rc1 h6 24. Bf4 g5 25. Ne5 Nxe5 26. Bxe5 b4 27. Qf3 Qd8
28. Qh5 Bf8 29. Rc7 Qe8 30. h4 f5 31. Qf3 g4 32. Qe3 Rc8 33. Ra7 Qc6 34. Bf4
Qb6 35. Qe5 h5 36. Qf6 Rc1+ 37. Bxc1 Qxa7 38. Qxe6+ Qf7 39. Qc8 Kh7 40. Bf4 Kg6
41. Be5 Be7 42. Qc6+ Kh7 43. e3 Bf8 44. Bd6 Bxd6 45. Qxd6 b3 46. Qb6 1-0

[Event "10th Danzhou GM 2019"]
[Site "Danzhou CHN"]
[Date "2019.07.07"]
[Round "7"]
[White "Wei Yi"]
[Black "Rapport, R."]
[Result "1/2-1/2"]
[WhiteElo "2741"]
[BlackElo "2735"]
[PlyCount "98"]
[EventDate "2019.06.30"]

1. e4 e5 2. Nf3 Nc6 3. Bb5 Nf6 4. O-O Nxe4 5. d4 Be7 6. Qe2 Nd6 7. Bxc6 bxc6 8.
dxe5 Nb7 9. Nc3 O-O 10. Nd4 Bc5 11. Rd1 Re8 12. Qh5 Qe7 13. Bf4 Bxd4 14. Rxd4
d5 15. Re1 Nc5 16. Bd2 Qe6 17. b4 Nd7 18. b5 c5 19. Nxd5 cxd4 20. Nxc7 Qe7 21.
e6 Nf6 22. exf7+ Qxf7 23. Qxf7+ Kxf7 24. Nxa8 Nd5 25. Rxe8 Kxe8 26. Ba5 Kd7 27.
b6 Kc6 28. Nc7 Nxb6 29. Bxb6 axb6 30. Ne8 g5 31. Kf1 Bf5 32. Ng7 Bxc2 33. Ne6
Bd3+ 34. Ke1 h6 35. Kd2 Bb1 36. Nxd4+ Kc5 37. Kc3 Bxa2 38. Nf5 h5 39. Ng3 Bd5
40. Nxh5 Bxg2 41. Nf6 Kd6 42. Nh7 g4 43. Nf6 Bf3 44. Kb4 Ke6 45. Nxg4 Bxg4 46.
f3 Kf5 47. fxg4+ Kxg4 48. Kb5 Kh3 49. Kxb6 Kxh2 1/2-1/2

[Event "Croatia GCT 2019"]
[Site "Zagreb CRO"]
[Date "2019.07.05"]
[Round "9"]
[White "Carlsen, Magnus"]
[Black "Aronian, Levon"]
[Result "1/2-1/2"]
[WhiteElo "2875"]
[BlackElo "2752"]
[PlyCount "97"]
[EventDate "2019.06.26"]

1. d4 Nf6 2. c4 e6 3. Nf3 d5 4. Nc3 Bb4 5. Bg5 dxc4 6. e4 c5 7. e5 cxd4 8. Nxd4
Bxc3+ 9. bxc3 Qa5 10. exf6 Qxg5 11. fxg7 Qxg7 12. Qd2 O-O 13. Bxc4 Rd8 14. Qe3
Bd7 15. O-O-O Nc6 16. Bb3 Be8 17. Nxc6 Bxc6 18. h4 Qf6 19. Rh3 b5 20. Rg3+ Kh8
21. Rg4 a5 22. Rf4 Qg7 23. Rxd8+ Rxd8 24. g4 b4 25. g5 bxc3 26. Bc2 Bd5 27. Rf6
Qf8 28. Qxc3 Rc8 29. Qd3 Qg7 30. f4 Kg8 31. Kd2 h6 32. a3 hxg5 33. fxg5 Rc4 34.
Qg3 Be4 35. Bb3 Rd4+ 36. Ke1 Bf5 37. h5 Rd3 38. Qb8+ Qf8 39. Qxf8+ Kxf8 40. Bc2
Rh3 41. Bxf5 exf5 42. h6 Kg8 43. a4 Rh4 44. Rxf5 Rxa4 45. Kf2 Rg4 46. Kf3 Rg1
47. Kf2 Rg4 48. Kf3 Rg1 49. Kf2 1/2-1/2

[Event "Croatia GCT 2019"]
[Site "Zagreb CRO"]
[Date "2019.07.05"]
[Round "9"]
[White "Nepomniachtchi, Ian"]
[Black "So, Wesley"]
[Result "1/2-1/2"]
[WhiteElo "2775"]
[BlackElo "2754"]
[PlyCount "83"]
[EventDate "2019.06.26"]

1. e4 e5 2. Nf3 Nc6 3. Bb5 Nf6 4. d3 Bc5 5. Nbd2 Nd4 6. Nxd4 Bxd4 7. c3 Bb6 8.
d4 c6 9. dxe5 cxb5 10. exf6 Qxf6 11. O-O O-O 12. a4 bxa4 13. Nc4 d5 14. exd5
Bd7 15. Be3 Bxe3 16. fxe3 Qe7 17. Qd4 Rfe8 18. e4 f6 19. Rfe1 b5 20. Nd2 a5 21.
Nf3 Bg4 22. d6 Qd7 23. e5 Bxf3 24. gxf3 fxe5 25. Rxe5 Rxe5 26. Qxe5 Re8 27.
Qd5+ Kh8 28. Rd1 h6 29. Rd4 Re6 30. Kf2 Rf6 31. h4 b4 32. c4 a3 33. bxa3 bxa3
34. c5 a2 35. Qxa2 Qh3 36. Qe2 Qh2+ 37. Ke3 Qg1+ 38. Kd3 Qb1+ 39. Ke3 Qg1+ 40.
Kd3 Qb1+ 41. Kd2 Qb2+ 42. Kd3 1/2-1/2

[Event "Croatia GCT 2019"]
[Site "Zagreb CRO"]
[Date "2019.07.05"]
[Round "9"]
[White "Caruana, Fabiano"]
[Black "Ding, Liren"]
[Result "1/2-1/2"]
[WhiteElo "2819"]
[BlackElo "2805"]
[PlyCount "115"]
[EventDate "2019.06.26"]

1. e4 e5 2. Nf3 Nc6 3. Bb5 a6 4. Ba4 Nf6 5. O-O Be7 6. Re1 b5 7. Bb3 O-O 8. a4
b4 9. a5 d6 10. c3 Rb8 11. Bc4 Bg4 12. h3 Bh5 13. Qa4 Na7 14. g4 Bg6 15. d3 Nb5
16. Bg5 h5 17. Bxf6 Bxf6 18. Kg2 bxc3 19. Nxc3 c6 20. Bxb5 axb5 21. Qd1 b4 22.
Ne2 hxg4 23. hxg4 Qd7 24. Kh3 Rb5 25. Ng3 Ra8 26. Qb3 Bd8 27. a6 Bb6 28. Rf1
Kf8 29. Nh4 Bh7 30. Qc2 Bd8 31. Nhf5 Bg5 32. Ra4 f6 33. Ne2 Rb6 34. a7 Rb7 35.
Ra6 Bxf5 36. gxf5 c5 37. Rfa1 Rbxa7 38. Qc4 Rxa6 39. Rxa6 Rxa6 40. Qxa6 g6 41.
Kg2 gxf5 42. Ng3 fxe4 43. dxe4 d5 44. Qb6 dxe4 45. Qxc5+ Kg7 46. Qxb4 e3 47.
fxe3 Bxe3 48. Qe4 Bf4 49. Nh5+ Kh6 50. Nxf4 Qg4+ 51. Kf2 exf4 52. Qh1+ Kg5 53.
Qd5+ f5 54. Qg8+ Kf6 55. Qf8+ Ke6 56. Qe8+ Kf6 57. Qf8+ Ke6 58. Qe8+ 1/2-1/2

[Event "Croatia GCT 2019"]
[Site "Zagreb CRO"]
[Date "2019.07.05"]
[Round "9"]
[White "Karjakin, Sergey"]
[Black "Giri, Anish"]
[Result "1/2-1/2"]
[WhiteElo "2748"]
[BlackElo "2779"]
[PlyCount "65"]
[EventDate "2019.06.26"]

1. d4 Nf6 2. c4 e6 3. Nf3 d5 4. Nc3 Be7 5. Bf4 O-O 6. e3 Nbd7 7. Qc2 c5 8. Rd1
cxd4 9. Rxd4 Qa5 10. Bg3 Nb6 11. Nd2 dxc4 12. Bxc4 Nbd5 13. Nb3 Qb6 14. Bxd5
Nxd5 15. Nxd5 exd5 16. O-O Be6 17. Qb1 Rac8 18. Rd2 Bf6 19. Nd4 Bxd4 20. Rxd4
Rc4 21. Rfd1 Rxd4 22. Rxd4 Rc8 23. h3 Rc4 24. Be5 Rxd4 25. Bxd4 Qc7 26. Qd1 a6
27. Qh5 h6 28. f4 Kh7 29. f5 Qc1+ 30. Kh2 Qc7+ 31. Kg1 Qc1+ 32. Kh2 Qc7+ 33.
Kg1 1/2-1/2

[Event "Croatia GCT 2019"]
[Site "Zagreb CRO"]
[Date "2019.07.05"]
[Round "9"]
[White "Nakamura, Hikaru"]
[Black "Vachier-Lagrave, Maxime"]
[Result "1/2-1/2"]
[WhiteElo "2754"]
[BlackElo "2779"]
[PlyCount "85"]
[EventDate "2019.06.26"]

1. e4 c5 2. Nf3 d6 3. Bb5+ Nd7 4. Ba4 Ngf6 5. O-O a6 6. c4 g6 7. Nc3 Bg7 8. d3
O-O 9. h3 Ne8 10. d4 Nc7 11. Bxd7 cxd4 12. Bxc8 dxc3 13. Bxb7 Rb8 14. bxc3 Rxb7
15. Be3 Bxc3 16. Rc1 Bb2 17. Rb1 Ne6 18. e5 Qc7 19. exd6 exd6 20. Qd5 Rbb8 21.
Rfd1 Bf6 22. Rbc1 Rfd8 23. Nd2 Nc5 24. Ne4 Nxe4 25. Qxe4 Rb2 26. Qf3 Be5 27.
Qd5 Re8 28. c5 dxc5 29. Rxc5 Qb8 30. Qc4 Rb1 31. Rcd5 Rxd1+ 32. Rxd1 Rd8 33.
Rxd8+ Qxd8 34. f4 Qc7 35. Qxa6 Bxf4 36. Bxf4 Qxf4 37. a4 Qd4+ 38. Kh1 Qa1+ 39.
Kh2 Qe5+ 40. Kh1 Qe1+ 41. Kh2 Qe5+ 42. Kh1 Qe1+ 43. Kh2 1/2-1/2

[Event "Croatia GCT 2019"]
[Site "Zagreb CRO"]
[Date "2019.07.06"]
[Round "10"]
[White "So, Wesley"]
[Black "Carlsen, Magnus"]
[Result "1/2-1/2"]
[WhiteElo "2754"]
[BlackElo "2875"]
[PlyCount "71"]
[EventDate "2019.06.26"]

1. d4 Nf6 2. c4 e6 3. Nc3 Bb4 4. Qc2 d5 5. cxd5 Qxd5 6. e3 c5 7. Bd2 Bxc3 8.
Bxc3 cxd4 9. Bxd4 Nc6 10. Bc3 O-O 11. Nf3 Rd8 12. Be2 Qe4 13. Rc1 Qxc2 14. Rxc2
Bd7 15. Ne5 Nxe5 16. Bxe5 Rac8 17. Rxc8 Rxc8 18. O-O Nd5 19. Rd1 f6 20. Bd4 Ba4
21. b3 Be8 22. Bc4 b5 23. Bxd5 exd5 24. Bxa7 Ra8 25. Bc5 Rxa2 26. h4 Bf7 27. e4
Ra8 28. exd5 Rd8 29. b4 Rxd5 30. Rxd5 Bxd5 31. f3 h5 32. Bd4 Bc6 33. Bc3 Bd5
34. Bd4 Bc6 35. Bc3 Bd5 36. Bd4 1/2-1/2

[Event "Croatia GCT 2019"]
[Site "Zagreb CRO"]
[Date "2019.07.06"]
[Round "10"]
[White "Caruana, Fabiano"]
[Black "Mamedyarov, Shakhriyar"]
[Result "1/2-1/2"]
[WhiteElo "2819"]
[BlackElo "2774"]
[PlyCount "104"]
[EventDate "2019.06.26"]

1. e4 d5 2. exd5 Qxd5 3. Nc3 Qa5 4. d4 Nf6 5. Nf3 Bf5 6. Bc4 e6 7. Bd2 Bb4 8.
a3 Bxc3 9. Bxc3 Qb6 10. O-O O-O 11. b3 Rd8 12. Re1 Nbd7 13. Bb2 c6 14. Qc1 h6
15. h3 Rac8 16. Bf1 Bh7 17. Nd2 Qc7 18. c4 b5 19. cxb5 cxb5 20. Qxc7 Rxc7 21.
Rac1 Rb7 22. Bc3 Nf8 23. Bb4 g5 24. Rc5 a6 25. Rec1 Kg7 26. Rc6 Ra7 27. Ba5
Rdd7 28. a4 Ng6 29. axb5 axb5 30. b4 Nf4 31. Nb3 Bd3 32. Rd1 Bxf1 33. Kxf1 e5
34. Rc5 exd4 35. Rxb5 Ne6 36. Re5 Kg6 37. g3 Nd5 38. Rd2 Rab7 39. Nc5 Nxc5 40.
bxc5 Rb1+ 41. Re1 Rb5 42. c6 Ra7 43. Bd8 Rb8 44. c7 Nxc7 45. Bxc7 Rxc7 46. Rxd4
Rcb7 47. Rd2 Rb1 48. Rxb1 Rxb1+ 49. Kg2 Rb6 50. Kf1 Rb1+ 51. Kg2 Rb6 52. Kf1
Rb1+ 1/2-1/2

[Event "Croatia GCT 2019"]
[Site "Zagreb CRO"]
[Date "2019.07.06"]
[Round "10"]
[White "Ding, Liren"]
[Black "Aronian, Levon"]
[Result "1/2-1/2"]
[WhiteElo "2805"]
[BlackElo "2752"]
[PlyCount "75"]
[EventDate "2019.06.26"]

1. Nf3 d5 2. g3 Nf6 3. Bg2 e6 4. O-O Be7 5. c4 O-O 6. b3 c5 7. cxd5 Nxd5 8. Bb2
Nc6 9. Nc3 Bf6 10. Qc2 Ndb4 11. Qc1 b6 12. a3 Nd5 13. b4 Nxc3 14. Bxc3 Ba6 15.
d3 Rc8 16. bxc5 Bxc3 17. Qxc3 Na5 18. Rac1 Rxc5 19. Qb2 Rb5 20. Qa2 Bb7 21. Rc3
Bd5 22. Qc2 Rb3 23. Rxb3 Bxb3 24. Qc3 Bd5 25. Rc1 Nb3 26. Rc2 Bxf3 27. Qxb3
Bxg2 28. Kxg2 Qa8+ 29. e4 Qd8 30. Rc6 h5 31. h4 Qd7 32. Qc4 Rd8 33. Rc7 Qxd3
34. Qxd3 Rxd3 35. Rxa7 b5 36. Ra5 g6 37. Rxb5 Rxa3 38. e5 1/2-1/2

[Event "Croatia GCT 2019"]
[Site "Zagreb CRO"]
[Date "2019.07.06"]
[Round "10"]
[White "Vachier-Lagrave, Maxime"]
[Black "Nepomniachtchi, Ian"]
[Result "1/2-1/2"]
[WhiteElo "2779"]
[BlackElo "2775"]
[PlyCount "77"]
[EventDate "2019.06.26"]

1. e4 c6 2. Nf3 d5 3. Nc3 dxe4 4. Nxe4 Nf6 5. Nxf6+ exf6 6. Bc4 Bd6 7. Qe2+ Qe7
8. d4 Be6 9. O-O Bxc4 10. Qxc4 O-O 11. Re1 Qd7 12. Bd2 Na6 13. a3 Rfe8 14. Qb3
h5 15. c4 Rad8 16. Rxe8+ Rxe8 17. Rd1 Qc8 18. Be3 Nc7 19. d5 cxd5 20. cxd5 a6
21. Rc1 Rd8 22. Bb6 Qd7 23. g3 Rc8 24. Nd2 Ne8 25. Rxc8 Qxc8 26. Qc4 Qd7 27.
Ne4 Be5 28. Bd4 Nd6 29. Nxd6 Bxd6 30. Be3 Qf5 31. b4 h4 32. Qxh4 Qxd5 33. Qd4
Qc6 34. h4 Be5 35. Qd8+ Kh7 36. Qd3+ Kg8 37. Qd8+ Kh7 38. Qd3+ Kg8 39. Qd8+
1/2-1/2

[Event "Croatia GCT 2019"]
[Site "Zagreb CRO"]
[Date "2019.07.06"]
[Round "10"]
[White "Anand, Viswanathan"]
[Black "Karjakin, Sergey"]
[Result "1/2-1/2"]
[WhiteElo "2767"]
[BlackElo "2748"]
[PlyCount "90"]
[EventDate "2019.06.26"]

1. e4 e5 2. Nf3 Nc6 3. Bb5 Nf6 4. O-O Nxe4 5. Re1 Nd6 6. Nxe5 Be7 7. Bf1 Nxe5
8. Rxe5 O-O 9. d4 Bf6 10. Re2 Nc4 11. b3 Nb6 12. a4 Nd5 13. Re1 c6 14. c3 Re8
15. Rxe8+ Qxe8 16. Qf3 Nc7 17. Bf4 Nd5 18. Bd6 Qe6 19. Ba3 Qe1 20. Bb2 d6 21.
Na3 Qe7 22. Nc4 Be6 23. Re1 Qd7 24. Nd2 Bf5 25. Ne4 Bxe4 26. Rxe4 Nc7 27. g3 d5
28. Re2 Re8 29. Bc1 Rxe2 30. Qxe2 g6 31. b4 Qe7 32. Qxe7 Bxe7 33. Be3 Ne6 34.
Kg2 Kf8 35. Kf3 Ng5+ 36. Bxg5 Bxg5 37. b5 Bd2 38. bxc6 bxc6 39. c4 dxc4 40.
Bxc4 Bc3 41. d5 cxd5 42. Bxd5 Bd4 43. Bc4 Bc3 44. Bd5 Bd4 45. Bc4 Bc3 1/2-1/2

[Event "Croatia GCT 2019"]
[Site "Zagreb CRO"]
[Date "2019.07.07"]
[Round "11"]
[White "Carlsen, M."]
[Black "Vachier Lagrave, M."]
[Result "1-0"]
[WhiteElo "2875"]
[BlackElo "2779"]
[PlyCount "73"]
[EventDate "2019.06.26"]

1. d4 Nf6 2. c4 g6 3. Nc3 d5 4. Nf3 Bg7 5. cxd5 Nxd5 6. e4 Nxc3 7. bxc3 c5 8.
Be3 Qa5 9. Qd2 Nc6 10. Rb1 cxd4 11. cxd4 O-O 12. Qxa5 Nxa5 13. Bd3 Bg4 14. O-O
Bxf3 15. gxf3 e6 16. Rfd1 Rfd8 17. Bf1 b6 18. Ba6 Rd6 19. Rbc1 Rad8 20. Bg5 f6
21. Be3 h6 22. Bb5 f5 23. d5 g5 24. Bd2 fxe4 25. fxe4 a6 26. Ba4 exd5 27. Bb4
Re6 28. Rxd5 Rxd5 29. exd5 Re4 30. Rc8+ Kf7 31. a3 Be5 32. Be8+ Kg7 33. d6 Rd4
34. d7 Nb7 35. Be7 Re4 36. Rc6 Bd4 37. Rc7 1-0

[Event "Croatia GCT 2019"]
[Site "Zagreb CRO"]
[Date "2019.07.07"]
[Round "11"]
[White "Aronian, L."]
[Black "So, W."]
[Result "1/2-1/2"]
[WhiteElo "2752"]
[BlackElo "2754"]
[PlyCount "87"]
[EventDate "2019.06.26"]

1. e4 e5 2. Nf3 Nc6 3. Bc4 Bc5 4. c3 Nf6 5. d4 exd4 6. e5 d5 7. Bb5 Ne4 8. cxd4
Bb6 9. Nc3 O-O 10. Be3 Bg4 11. h3 Bh5 12. Qc2 Nxc3 13. bxc3 f6 14. exf6 Qxf6
15. Be2 Na5 16. O-O Rae8 17. Ne5 Bxe2 18. Qxe2 Qe6 19. Rae1 Nc4 20. Nxc4 dxc4
21. Qd1 Qd5 22. Bc1 Ba5 23. Qc2 Re6 24. Rxe6 Qxe6 25. Qb2 b6 26. Be3 Qd5 27. a4
c6 28. Qa3 Rf6 29. Bd2 Rg6 30. f3 c5 31. Be3 Qe6 32. Qc1 Qxh3 33. Qc2 Qe6 34.
Kf2 Qd6 35. Qe4 h6 36. dxc5 bxc5 37. Qxc4+ Kh7 38. f4 Qf6 39. Qe4 Bxc3 40. Bxc5
Qc6 41. Qxc6 Rxc6 42. Bxa7 Ra6 43. Be3 Rxa4 44. g4 1/2-1/2

[Event "Croatia GCT 2019"]
[Site "Zagreb CRO"]
[Date "2019.07.07"]
[Round "11"]
[White "Nepomniachtchi, I."]
[Black "Giri, A."]
[Result "0-1"]
[WhiteElo "2775"]
[BlackElo "2779"]
[PlyCount "72"]
[EventDate "2019.06.26"]

1. e4 c5 2. Nf3 d6 3. Bb5+ Nd7 4. c3 Ngf6 5. Bd3 g6 6. Bc2 Bg7 7. d4 O-O 8. O-O
b5 9. e5 Ne8 10. e6 fxe6 11. Ng5 Nc7 12. dxc5 Nxc5 13. Nxh7 Kxh7 14. Qh5+ Kg8
15. Bxg6 Rf6 16. Qh7+ Kf8 17. Bh6 Rxg6 18. Qxg6 Bxh6 19. Qxh6+ Ke8 20. b4 Na4
21. Na3 Kd7 22. c4 bxc4 23. Nxc4 Ba6 24. Rac1 Nb6 25. Nxb6+ axb6 26. Rfe1 Bb7
27. Qe3 b5 28. a3 Bd5 29. Rc3 Qg8 30. Qh3 Qg7 31. Rec1 Bc4 32. Re1 Qd4 33. Rf3
Qd2 34. Rb1 Nd5 35. Qg3 Be2 36. Rfb3 Bd1 0-1

[Event "Croatia GCT 2019"]
[Site "Zagreb CRO"]
[Date "2019.07.07"]
[Round "11"]
[White "Karjakin, Sergey"]
[Black "Caruana, F."]
[Result "1/2-1/2"]
[WhiteElo "2748"]
[BlackElo "2819"]
[PlyCount "131"]
[EventDate "2019.06.26"]

1. d4 Nf6 2. c4 e6 3. Nf3 c5 4. d5 d6 5. Nc3 exd5 6. cxd5 g6 7. h3 a6 8. a4 Qe7
9. Bf4 Nbd7 10. e3 Bg7 11. Be2 O-O 12. O-O Rb8 13. Re1 Ne8 14. e4 Ne5 15. a5 b5
16. axb6 Rxb6 17. Qd2 Nxf3+ 18. Bxf3 Be5 19. Bxe5 Qxe5 20. Nd1 Nc7 21. Ne3 Rb4
22. Rac1 Rd4 23. Qe2 Nb5 24. Nc4 Qg5 25. Qe3 Qh4 26. b4 Re8 27. bxc5 dxc5 28.
Qb3 h5 29. Qc2 Kg7 30. Qb2 Qf6 31. Re3 h4 32. Nd2 Qe5 33. Nc4 Qg5 34. Kh1 Kh7
35. Qe2 Qf4 36. Nb2 Qc7 37. Qc2 Bd7 38. Qxc5 Qxc5 39. Rxc5 Rd2 40. Nd3 Nd6 41.
Rc7 Bb5 42. Nc5 Rxf2 43. Re1 Kh6 44. e5 Nf5 45. Kg1 Ra2 46. e6 fxe6 47. dxe6
Nd4 48. Bd5 Rd2 49. Bf3 a5 50. e7 a4 51. Ne4 Rc2 52. Rxc2 Nxc2 53. Rc1 Nd4 54.
Nf6 Nxf3+ 55. gxf3 Ra8 56. Re1 a3 57. Ra1 Bc6 58. e8=Q Bxe8 59. Nxe8 Rxe8 60.
Rxa3 Kg5 61. Kf2 Kh6 62. Ra4 g5 63. f4 Rf8 64. Kf3 Rxf4+ 65. Rxf4 gxf4 66. Kxf4
1/2-1/2